Climate change and non-infectious fish disorders/edited by P. T. K. Woo, G. K. Iwama (Record no. 52317)

MARC details
000 -LEADER
fixed length control field 00503nam a22001577a 4500
003 - CONTROL NUMBER IDENTIFIER
control field OSt
008 - FIXED-LENGTH DATA ELEMENTS--GENERAL INFORMATION
fixed length control field 260625b |||||||| |||| 00| 0 eng d
020 ## - INTERNATIONAL STANDARD BOOK NUMBER
International Standard Book Number 9781786393982
245 ## - TITLE STATEMENT
Title Climate change and non-infectious fish disorders/edited by P. T. K. Woo, G. K. Iwama
260 ## - PUBLICATION, DISTRIBUTION, ETC. (IMPRINT)
Place of publication, distribution, etc Wallingford :
Name of publisher, distributor, etc CABI,
Date of publication, distribution, etc 2020.
300 ## - PHYSICAL DESCRIPTION
Extent x, 244 p.
650 ## - SUBJECT ADDED ENTRY--TOPICAL TERM
Topical term or geographic name as entry element Pure Sciences | Animals | Fishes | Non-Infectious Fish | Climate Change
700 ## - ADDED ENTRY--PERSONAL NAME
Personal name Woo, P. T. K.
700 ## - ADDED ENTRY--PERSONAL NAME
Personal name Iwama, G. K.
942 ## - ADDED ENTRY ELEMENTS (KOHA)
Source of classification or shelving scheme
Koha item type Books

No items available.

Hosted, Implemented, Customized & Maintained by: BestBookBuddies

Powered by Koha